|
|
|
|
| LEADER |
01038nam a2200277 a 4500 |
| 001 |
4642721 |
| 003 |
BD-DhAAL |
| 005 |
20260106142250.0 |
| 008 |
100428s1976 bg 000 1 eng d |
| 010 |
|
|
|a 78902922
|
| 040 |
|
|
|a DLC
|c DLC
|d DLC
|d BD-DhAAL
|
| 082 |
0 |
0 |
|a 891.4437
|
| 100 |
1 |
|
|a Pāśā, Ānoyāra,
|d 1928-1971.
|9 60065
|
| 240 |
1 |
0 |
|a Rāiphela, roti, āorāta.
|l English
|
| 245 |
1 |
0 |
|a Rifles, bread, and women /
|c Anwar Pasha ; translated by Kabir Chowdhury.
|
| 250 |
|
|
|a First edition.
|
| 260 |
|
|
|a Dacca :
|b Bangla Academy,
|c 1976.
|
| 300 |
|
|
|a 276 pages ;
|c 22 cm.
|
| 500 |
|
|
|a Translation of Rāiphela, roti, āorāta.
|
| 541 |
1 |
|
|e 00003589
|
| 651 |
|
0 |
|a Bangladesh
|x History
|y Revolution, 1971
|x Fiction.
|9 60066
|
| 655 |
|
7 |
|a War stories.
|2 gsafd
|
| 852 |
4 |
|
|a Ayesha Abed Library
|j General shelf
|
| 942 |
|
|
|2 ddc
|c BK
|
| 999 |
|
|
|c 8291
|d 8291
|
| 952 |
|
|
|0 0
|1 0
|2 ddc
|4 0
|6 891_000000000000000__44_37_ANW_1976
|7 0
|9 9534
|a BRACUL
|b BRACUL
|c BNC
|d 2010-04-28
|g 45.00
|l 3
|m 17
|o 891.4437 ANW
|p 3010003589
|r 2025-09-29
|s 2025-09-29
|t 1
|w 2010-04-28
|y BK
|